Σεξουαλική διαπαιδαγώγηση : μαθήματα γενετησιακής αγωγής
Saved in:
| Main Author: | |
|---|---|
| Format: | Book |
| Language: | Greek |
| Published: |
Αθήνα :
1986
|
| Subjects: | |
| Tags: |
Add Tag
No Tags, Be the first to tag this record!
|
MARC
| LEADER | 00000nam a2200000 i 4500 | ||
|---|---|---|---|
| 001 | 1/88994 | ||
| 008 | 930914s1986 gre d | ||
| 035 | |a 1989 |b 2 |c Δωρεά |l 10035638 | ||
| 040 | |a GR-MY-UA |b gre |e aacr | ||
| 041 | 0 | |a gre | |
| 082 | 0 | |a 613.907 | |
| 100 | 1 | |a Κρεατσάς, Γεώργιος Κ., |d 1949- | |
| 245 | 1 | 0 | |a Σεξουαλική διαπαιδαγώγηση : |b μαθήματα γενετησιακής αγωγής / |c Γ. Κ. Κρεατσάς |
| 260 | |a Αθήνα : |c 1986 | ||
| 300 | |a 212 σ. | ||
| 650 | 0 | 0 | |a Sex instruction for youth. |
| 650 | 0 | 0 | |a Hygiene, Sexual. |
| 852 | |a INST |b RHODES |e 19930914 |h 613.907 ΚΡΕ |p 005400006032 |q 005400006032 |t BK |y 0 | ||
| 909 | |a Ρ |b 014639 |c 1989 | ||